[Event "AUTO-INT-625"]
[Site "http://www.queenalice.com/game.php?id=275854"]
[Date "2007.9.23"]
[Round "1"]
[White "lucianovdemelo"]
[Black "xandudz"]
[Result "0-1"]
[WhiteElo "1439"]
[BlackElo "1454"]

1. d4 g6 2. c4 Bg7 3. Nc3 d6 4. Nf3 Bg4 5. Bf4 Bxf3 6. exf3 Nc6 7. d5 Nd4 8. Bd3
Nf6 9. O-O O-O 10. Bxg6 fxg6 11. Qxd4 Nh5 12. Qd2 Nxf4 13. Qxf4 Rxf4 14. Ne4
Bxb2 15. Rab1 Be5 16. Ng5 Rxc4 17. Ne6 Qd7 18. Rxb7 Qc8 19. Rb2 c6 20. dxc6 Qxe6
21. a4 Rxa4 22. Rfb1 Bxb2 23. Rxb2 Qe1# 0-1

[Event "AUTO-INT-625"]
[Site "http://www.queenalice.com/game.php?id=275855"]
[Date "2007.9.23"]
[Round "1"]
[White "xandudz"]
[Black "lucianovdemelo"]
[Result "1-0"]
[WhiteElo "1469"]
[BlackElo "1465"]

1. e4 e5 2. Nf3 Nc6 3. Bb5 Nf6 4. d3 Bc5 5. c3 d6 6. Bg5 O-O 7. h3 Bd7 8. O-O a6
9. Ba4 b5 10. Bb3 a5 11. Nbd2 a4 12. Bd5 Qe7 13. Nh4 h6 14. Bxf6 Qxf6 15. Ndf3
g5 16. Nf5 Bxf5 17. exf5 Ne7 18. Be4 c6 19. d4 exd4 20. cxd4 Bb6 21. d5 cxd5 22.
Bc2 Nxf5 23. Qxd5 Ne7 24. Qe4 Qxb2 25. Qh7# 1-0

[Event "AUTO-INT-625"]
[Site "http://www.queenalice.com/game.php?id=275866"]
[Date "2007.9.23"]
[Round "1"]
[White "Dangermouse"]
[Black "xandudz"]
[Result "1-0"]
[WhiteElo "1702"]
[BlackElo "1400"]

1. d4 g6 2. c4 Bg7 3. e3 d6 4. Nf3 b6 5. Be2 Bf5 6. Bd3 Bg4 7. O-O e5 8. h3 Bh5
9. g4 e4 10. Bxe4 Bxg4 11. hxg4 Nf6 12. Nfd2 Nxe4 13. Nxe4 O-O 14. Nbc3 Qh4 15.
Qf3 Nd7 16. Nd5 c5 17. Rd1 cxd4 18. exd4 Ne5 19. dxe5 Bxe5 20. Bf4 Rac8 21. b3
b5 22. cxb5 Bxa1 23. Rxa1 Rc2 24. Bg3 Qh3 25. Ng5 Qh6 26. Bf4 Qg7 27. Re1 Qd4
28. Bxd6 1-0

[Event "AUTO-INT-625"]
[Site "http://www.queenalice.com/game.php?id=275867"]
[Date "2007.9.23"]
[Round "1"]
[White "xandudz"]
[Black "Dangermouse"]
[Result "0-1"]
[WhiteElo "1396"]
[BlackElo "1719"]

1. e4 e6 2. Nf3 d5 3. e5 c5 4. c3 Nc6 5. Bb5 Bd7 6. O-O a6 7. Bxc6 Bxc6 8. d4
cxd4 9. Nxd4 Bc5 10. Nxc6 bxc6 11. b4 Bb6 12. Re1 Ne7 13. Nd2 O-O 14. Qf3 Ng6
15. Nf1 Bc7 16. Ng3 Bxe5 17. Rd1 Qb8 18. Qh5 Bxg3 19. hxg3 Qe5 20. Qh3 Qxc3 21.
Bf4 Qxb4 22. Kh2 Nxf4 23. gxf4 Qxf4+ 24. g3 Qxf2+ 25. Kh1 Rab8 26. Rf1 Qd4 27.
Rac1 c5 0-1

[Event "QA-ANNIV-03"]
[Site "http://www.queenalice.com/game.php?id=316023"]
[Date "2007.12.6"]
[Round "4"]
[White "J_Ricardo"]
[Black "xandudz"]
[Result "1-0"]
[WhiteElo "1548"]
[BlackElo "1491"]

1. e4 e5 2. Nf3 Nc6 3. a3 Bc5 4. Bc4 d6 5. d3 Bg4 6. h3 Bxf3 7. Qxf3 Nf6 8. Bg5
O-O 9. Qg3 Kh8 10. Nd2 Nd4 11. O-O Nxc2 12. Ra2 Nd4 13. Nf3 Nxf3+ 14. Qxf3 h6
15. Bh4 1-0

[Event "AUTO-OPEN-2248"]
[Site "http://www.queenalice.com/game.php?id=893932"]
[Date "2011.1.31"]
[Round "1"]
[White "marison"]
[Black "xandudz"]
[Result "1-0"]
[WhiteElo "1677"]
[BlackElo "1341"]

1. e4 c5 2. Nc3 a6 3. Nf3 e6 4. a4 Qc7 5. b3 Nc6 6. Bc4 Be7 7. d4 cxd4 8. Ne2
Bf6 9. Ra2 Nge7 10. Nexd4 h6 11. h3 Qb6 12. Be3 Ne5 13. O-O Nxc4 14. bxc4 Qc7
15. Qd3 O-O 16. Nb3 b5 17. axb5 Ng6 18. b6 Qc6 19. c5 Bb7 20. Nbd2 a5 21. Qd6
Qc8 22. e5 Nxe5 23. Nxe5 Bxe5 24. Qxe5 Qc6 25. Nf3 1-0

[Event "AUTO-OPEN-2248"]
[Site "http://www.queenalice.com/game.php?id=893933"]
[Date "2011.1.31"]
[Round "1"]
[White "xandudz"]
[Black "marison"]
[Result "0-1"]
[WhiteElo "1344"]
[BlackElo "1674"]

1. e4 e5 2. Nf3 Nc6 3. Bc4 Bc5 4. d4 exd4 5. Bxf7+ Kxf7 6. Ng5+ Ke8 7. O-O d6 8.
c3 h6 9. Qh5+ Kd7 10. Qf7+ Qe7 11. Qf5+ Kd8 12. Qg6 Ne5 13. Qh5 Nf6 14. Qh4 Ng6
15. Qg3 hxg5 16. Bxg5 Be6 17. Nd2 Kd7 18. Nf3 Ne5 19. cxd4 Nxf3+ 20. Qxf3 Bxd4
21. Rad1 Bxb2 22. Qb3 Bxb3 23. axb3 Rh5 24. Bxf6 Qxf6 0-1

[Event "AUTO-OPEN-2248"]
[Site "http://www.queenalice.com/game.php?id=893970"]
[Date "2011.1.31"]
[Round "1"]
[White "markmooney"]
[Black "xandudz"]
[Result "1-0"]
[WhiteElo "1727"]
[BlackElo "1348"]

1. f4 d5 2. Nf3 Bg4 3. Ne5 Bf5 4. d3 f6 5. g3 fxe5 6. Bg2 c6 7. O-O Qd6 8. c3
Nh6 9. fxe5 Qxe5 10. Bf4 Qf6 11. Bxb8 Rxb8 12. e4 e5 13. exf5 1-0

[Event "AUTO-OPEN-2248"]
[Site "http://www.queenalice.com/game.php?id=893971"]
[Date "2011.1.31"]
[Round "1"]
[White "xandudz"]
[Black "markmooney"]
[Result "0-1"]
[WhiteElo "1346"]
[BlackElo "1729"]

1. e4 c5 2. Nf3 Nc6 3. Bc4 e6 4. d4 cxd4 5. Nxd4 Bc5 6. Nxc6 bxc6 7. O-O Nf6 8.
Qf3 O-O 9. Bg5 Bd4 10. c3 Bb6 11. e5 Qc7 12. Bxf6 gxf6 0-1